000 00392 a2200169 4500
001 156665
020 _a8516045668
040 _cEscola São Tomás de Aquino
100 _aCARMO, Paulo Sérgio do
240 1 0 _aA ideologia do trabalho
_lpor
245 1 0 _aA ideologia do trabalho
300 _a143
362 0 _a2005
440 1 _aModerna
697 _aTeoria e filosofia
942 _cBK
999 _c156665
_d156665